Los Transportes en la gran ciudad : XI Semana Internacional de Estudios Sociales XI Semana Internacional de Estudios Sociales
Descripción Física:
129 p. , 24 cm
Colección:
Colección de Ciencias Sociales ; 17
Materias:
Transport urbà
MARC
| LEADER | 00000nam a2200000Ia 4500 | ||
|---|---|---|---|
| 001 | 2283 | ||
| 008 | 160829s1974 xx 000 0 cat d | ||
| 080 | |a C-1-212 | ||
| 100 | |a Semana Internacional de Estudios Sociales (11a : 1974 : Barcelona) |9 28258 | ||
| 245 | |a Los Transportes en la gran ciudad : |b XI Semana Internacional de Estudios Sociales | ||
| 260 | |a Barcelona : |b Diputación Provincial de Barcelona. Instituto de Ciencias Sociales, |c 1974 | ||
| 300 | |a 129 p. , 24 cm | ||
| 490 | |a Colección de Ciencias Sociales ; 17 | ||
| 650 | 0 | |a Transport urbà |9 9061 | |
| 710 | 2 | |a Instituto de Ciencias Sociales (Barcelona, Catalunya) |9 54508 | |
| 901 | |a Arxiu | ||
| 942 | |n 1 | ||
| 952 | |0 0 |1 0 |4 0 |6 C1212 |7 1 |9 44744 |a Arxiu |b Arxiu |d 2016-12-01 |l 0 |o C-1-212 |p 2283 |r 2016-12-01 00:00:00 |w 2016-12-01 |y ARXIU | ||
| 999 | |c 47326 |d 47326 | ||